Morphosyntaktische Betrachtungen zur Nganasanischen Negation
A tagadó igével történő negáció számos uráli nyelvből kiveszett, az észak-szamojéd nyelvekbenazonban másképpen alakult a tagadás: a negatív ige megmaradt, sőt újabb tagadó igék fejlődtek ki. A többi uráli nyelvhez hasonlóan a nganaszanban is gyakori a szuffikszumok halmozódása. A toldalékok Teresíen...
Elmentve itt :
| Szerző: | |
|---|---|
| Dokumentumtípus: | Cikk |
| Megjelent: |
1995
|
| Sorozat: | Acta Universitatis Szegediensis : sectio ethnographica et linguistica = néprajz és nyelvtudomány = étnografiâ i azykoznanie = Volkskunde und Sprachwissenschaft
36 |
| Kulcsszavak: | Nganaszan nyelv |
| Tárgyszavak: | |
| Online Access: | http://acta.bibl.u-szeged.hu/3773 |
| LEADER | 03058nab a2200229 i 4500 | ||
|---|---|---|---|
| 001 | acta3773 | ||
| 005 | 20220912153320.0 | ||
| 008 | 161015s1995 hu o 0|| hun d | ||
| 022 | |a 0586-3716 | ||
| 040 | |a SZTE Egyetemi Kiadványok Repozitórium |b hun | ||
| 041 | |a hun | ||
| 041 | |a ger | ||
| 100 | 1 | |a Katzschmann Michael | |
| 245 | 1 | 0 | |a Morphosyntaktische Betrachtungen zur Nganasanischen Negation |h [elektronikus dokumentum] / |c Katzschmann Michael |
| 260 | |c 1995 | ||
| 300 | |a 237-249 | ||
| 490 | 0 | |a Acta Universitatis Szegediensis : sectio ethnographica et linguistica = néprajz és nyelvtudomány = étnografiâ i azykoznanie = Volkskunde und Sprachwissenschaft |v 36 | |
| 520 | 3 | |a A tagadó igével történő negáció számos uráli nyelvből kiveszett, az észak-szamojéd nyelvekbenazonban másképpen alakult a tagadás: a negatív ige megmaradt, sőt újabb tagadó igék fejlődtek ki. A többi uráli nyelvhez hasonlóan a nganaszanban is gyakori a szuffikszumok halmozódása. A toldalékok Teresíenko szerint a következő sorrendben járulnak a szótőhöz: képző/aspektusképző — mód-/idŐjel - személyrag. Az aspektusképst az egyéb képzőktől, a módjeleket az időjelektől nem mindig könnyű elhatárolni. Tagadó igés szerkezetekben a negativ ige jelöli a szintaktikai viszonyokat, veszi fel az idő- és módjeleket, valamint a személyragokat. Érdemesnek látszik megvizsgálni, hogy a tagadott foigén a tipikus gégezárhangon kívül kimutathatók-e további szuffikszumok. A csaknem teljes publikált nganaszan nyelvi anyag átvizsgálása alapján megállapítható, hogy a tagadott tő mutat néhány figyelemre méltó sajátosságot. A következő szuffikszumok fordulnak elő rajta: -nanduf-naendy voluntatív-optatív, -ta/-ée imperfektiv, -ruZ-lu tranzitív, -r frekventatív/habituatív,-ptV imperfektiv, -"ku/-gu ?, -naraZ-nara duratív/habituatív, -de ??, -V"V ?? s néhány egyedi példa. A következő toldalékok egyáltalán nem fordulnak elő a tagadott igén: időjelek, a kérdő- és a felszólító mód jele, -bV (gerundium), -nVgV (szupínum), -jrVAurV/V, -bVnV (kondicionálisz), -#V/V (iteratív), -ntV (??). A -gUiceZ-kalice karitív képző mind a tagadó, mind a tagadott igén állhat. Mivel a tagadott igén jelentkező szuffikszumok közül csak a -de és a -V"V funkciója tisztázatlan, a szerző csak ezek tárgyalására tér ki részletesen. Felsorolja és elemzi valamennyi adatát, majd áttekinti a számításba vehető magyarázatokat. Összegzésként megállapítja, hogy az adatok szűkössége miatt nem lehet meggyőző megoldást találni. A vizsgált szuffikszumok annyiban sajátosak, hogy a .megfelelő igék finitum alakjaiban nem fordulnak elő. Nominális (igenévi?) eredetük fonetikai okokból valószínűsíthető, de szinkrón szempontból semmiképpen nem nomenek. | |
| 650 | 4 | |a Bölcsészettudományok | |
| 650 | 4 | |a Nyelvek és irodalom | |
| 695 | |a Nganaszan nyelv | ||
| 856 | 4 | 0 | |u http://acta.bibl.u-szeged.hu/3773/1/etno_lingu_036_237-249.pdf |z Dokumentum-elérés |